01055 2200313 4500001002100000005001500021035002000036007000300056008004100059020002200100082001600122084001800138100002200156245008300178250003500261300004900296650004200345700002200387700002700409264013100436336002100567337003000588338002300618040002200641090002200663850001200685999002200697990002200719INLIS00000000086902120220322014139 a0010-0322000687ta220322s2021 yoia br 1 ind d a978-623-5677-30-904223a398.245 a398.245 WIY t0 aWiyanaePengarang10aTangis burung emprit Jawa /cWiyana; penyunting, Riani; ilustrator, Mulyantara aCetakan Pertama, November 2021 aiv, 8 halaman :bilustrasi berwarna ;c23 cm 4aCerita binatang--xBacaan kanak-kanak0 aRianiePenyunting0 aMulyantaraeIlustrator31aYogyakarta :bKementerian Pendidikan, Kebudayaan, Riset, dan Teknologi Balai Bahasa Provinsi Daerah Istimewa Yogyakarta,c2021 2rdacontentateks 2rdamediaatanpa perantara 2rdacarrieravolume aYOPDYOGbinderda aCB-D.11 2021-2487 aYOPDYOG aCB-D.11/2021-2487 aCB-D.11/2021-2487